000 00825cam a2200265 4500
001 WB3547-49
008 000000n1999 000 0 eng u
035 _a(Sirsi) u103022
245 _aPlan to rebuild Newcastle
260 _c1999
490 _aGuardian
_v1 December 1999, 13(1)
520 _aNewcastle council has announced plans for the biggest innercity rebuilding programme since the second world war, in an attempt to repopulate the city centre and reverse years of decline.
590 _aWB
650 _aNEWCASTLE
650 _aREGENERATION
650 _aRENEWAL
650 _aREDEVELOPMENT
650 _aCITY CENTRES
650 _aREBUILDING
650 _aINNER CITY REDEVELOPMENT
650 _aINNER CITY RENEWAL
650 _aINNER CITY REGENERATION
690 _aURBAN RENEWAL
942 _n0
999 _c61907
_d61907